00381nam a2200121Ia 4500008004100000040001600041041001200057082001800069100003200087245010500119260002400224300001100248230917s9999||||xx |||||||||||||| ||und|| e27942aMAIN aEnglish a759.95403 I2I aFilippi, Gian Giuseppe ,ed. 0aIndian miniatures and paintings from the 16th to the 19th century: Tthe collection of Howard Hodgkin aMilanbElectac1997 a150 p.